| 000 | 00545nam a2200205Ia 4500 | ||
|---|---|---|---|
| 005 | 20250425161105.0 | ||
| 008 | 250425s9999 xx 000 0 und d | ||
| 020 | _a958615212X | ||
| 041 | _aspa | ||
| 082 | _a658 | ||
| 110 | _aHARVARD BUSINESS REVIEW | ||
| 245 | 0 | _aESTRATEGIAS DE HARVARD: COMO DESARROLLAR ESTRATEGIAS EFICACES DE MERCADOTECNIA | |
| 250 | _a1A ED. | ||
| 260 | _aBOGOTA | ||
| 260 |
_aColombia _bEDUCAR CULTURAL RECREATIVA _c1987 |
||
| 300 | _a156 | ||
| 650 | _aMARKETING ESTRATEGICO | ||
| 942 | _c01 | ||
| 010 | _a12268 | ||
| 999 |
_c202204 _d202204 |
||